Fine Arts - Painting | 7 | 2 | 0 | 0 | 125 | 24 | 58.22 | 1 | 5 |
History - European | 3 | 3 | 0 | 0 | 75 | 44 | 87.83 | 0 | 1 |
History - American | 2 | 4 | 0 | 0 | 70 | 18 | 74.33 | 0 | 0 |
Science - Chemistry | 1 | 5 | 0 | 0 | 65 | 58 | 93.50 | 0 | 0 |
Social Science - Psychology | 1 | 3 | 0 | 0 | 45 | 57 | 63.75 | 0 | 0 |
RMP - Christian Practice | 1 | 2 | 0 | 0 | 35 | 55 | 84.00 | 0 | 0 |
History - Cross, Historiography, and Miscellaneous | 1 | 2 | 0 | 0 | 35 | 72 | 92.67 | 0 | 0 |
History - World | 2 | 0 | 0 | 0 | 30 | 39 | 42.50 | 0 | 1 |
Literature - American | 0 | 3 | 0 | 0 | 30 | 80 | 88.67 | 0 | 0 |
Science - Engineering and Miscellaneous | 0 | 3 | 0 | 0 | 30 | 62 | 73.00 | 0 | 1 |
Literature - European | 0 | 3 | 0 | 0 | 30 | 77 | 86.67 | 0 | 0 |
Science - Biology | 0 | 3 | 0 | 0 | 30 | 82 | 103.00 | 0 | 0 |
Social Science - Economics | 1 | 1 | 0 | 0 | 25 | 74 | 79.00 | 0 | 1 |
Literature - British | 1 | 1 | 0 | 0 | 25 | 38 | 84.50 | 0 | 1 |
Fine Arts - Opera | 0 | 2 | 0 | 0 | 20 | 84 | 90.50 | 0 | 0 |
Fine Arts - Music | 0 | 2 | 0 | 0 | 20 | 86 | 90.50 | 0 | 0 |
Fine Arts - Miscellaneous | 0 | 2 | 0 | 0 | 20 | 92 | 97.00 | 0 | 0 |
Literature - World and Miscellaneous | 0 | 2 | 0 | 0 | 20 | 92 | 95.50 | 0 | 0 |
Other - Other Academic and General Knowledge | 0 | 2 | 0 | 0 | 20 | 70 | 70.00 | 0 | 0 |
RMP - Hinduism | 0 | 2 | 0 | 0 | 20 | 116 | 123.50 | 0 | 0 |
RMP - Islam | 0 | 2 | 0 | 0 | 20 | 92 | 107.50 | 0 | 0 |
Science - Physics | 0 | 2 | 0 | 0 | 20 | 84 | 93.00 | 0 | 0 |
Fine Arts - Sculpture | 1 | 0 | 0 | 0 | 15 | 51 | 51.00 | 1 | 1 |
Fine Arts - Jazz | 1 | 0 | 0 | 0 | 15 | 59 | 59.00 | 0 | 1 |
Fine Arts - Ballet/Dance | 1 | 0 | 0 | 0 | 15 | 47 | 47.00 | 0 | 1 |
Geography - World | 0 | 1 | 0 | 0 | 10 | 87 | 87.00 | 0 | 0 |
RMP - Other Religion | 0 | 1 | 0 | 0 | 10 | 89 | 89.00 | 0 | 0 |
RMP - World Mythology | 0 | 1 | 0 | 0 | 10 | 78 | 78.00 | 1 | 1 |
Science - Computer Science | 0 | 1 | 0 | 0 | 10 | 119 | 119.00 | 0 | 0 |
Science - Earth | 0 | 1 | 0 | 0 | 10 | 59 | 59.00 | 0 | 0 |
Science - Math | 0 | 1 | 0 | 0 | 10 | 116 | 116.00 | 0 | 0 |
Current Events - World | 0 | 1 | 0 | 0 | 10 | 116 | 116.00 | 0 | 0 |
RMP - East Asian Religion | 0 | 1 | 0 | 0 | 10 | 134 | 134.00 | 0 | 0 |
RMP - Buddhism | 0 | 1 | 0 | 0 | 10 | 68 | 68.00 | 0 | 0 |
Science - Astronomy | 0 | 0 | 0 | 0 | 0 | | 0.00 | 0 | 0 |
RMP - Jewish Practice | 0 | 0 | 0 | 0 | 0 | | 0.00 | 0 | 0 |
RMP - Philosophy | 0 | 0 | 0 | 0 | 0 | | 0.00 | 0 | 0 |
RMP - Greco-Roman Mythology | 0 | 0 | 0 | 0 | 0 | | 0.00 | 0 | 0 |
Social Science - Other | 0 | 0 | 0 | 0 | 0 | | 0.00 | 0 | 0 |